00243nam a22000977a 4500020001800000040000900018100001900027245006900046260002200115300000800137 a9780891189688 cNUST aJOSE A. AMADOR aSoil based wastewater treatmentbSoil based wastewater treatment ausabFSC COc2018 a354